Descriptive analysis of Tulu. (Record no. 214013)
[ view plain ]
| 000 -LEADER | |
|---|---|
| fixed length control field | 00394nam a2200157Ia 4500 |
| 008 - FIXED-LENGTH DATA ELEMENTS--GENERAL INFORMATION | |
| fixed length control field | 210719s1967 xx 000 0 und d |
| 041 ## - LANGUAGE CODE | |
| Language code of text/sound track or separate title | eng |
| 082 ## - DEWEY DECIMAL CLASSIFICATION NUMBER | |
| Classification number | T494E BHAD |
| 100 ## - MAIN ENTRY--PERSONAL NAME | |
| Personal name | BHAT (Shankara D N) |
| 245 ## - TITLE STATEMENT | |
| Title | Descriptive analysis of Tulu. |
| 260 ## - PUBLICATION, DISTRIBUTION, ETC. | |
| Place of publication, distribution, etc. | Poona |
| Name of publisher, distributor, etc. | Deccan College |
| Date of publication, distribution, etc. | 1967 |
| 300 ## - PHYSICAL DESCRIPTION | |
| Extent | xii,117 |
| Other physical details | PB |
| 365 ## - TRADE PRICE | |
| Price amount | 12 |
| Currency code | Rs |
| 650 ## - SUBJECT ADDED ENTRY--TOPICAL TERM | |
| Topical term or geographic name entry element | Tulu Language |
| 906 ## - LOCAL DATA ELEMENT F, LDF (RLIN) | |
| a | Tulu Language |
| Withdrawn status | Lost status | Damaged status | Not for loan | Collection code | Home library | Current library | Date acquired | Source of acquisition | Cost, normal purchase price | Total Checkouts | Full call number | Barcode | Date last seen | Price effective from | Koha item type |
|---|---|---|---|---|---|---|---|---|---|---|---|---|---|---|---|
| Tulu | St Aloysius Library | St Aloysius Library | 02/17/2006 | Deccan College, Poona | 12.00 | T494E BHAD | D02622 | 07/19/2021 | 07/19/2021 | Donated Books |